Physical methods in bioinorganic chemistry: (Record no. 1428859)

MARC details
000 -LEADER
fixed length control field 01883nam a2200217 4500
005 - DATE AND TIME OF LATEST TRANSACTION
control field 20250521104325.0
008 - FIXED-LENGTH DATA ELEMENTS--GENERAL INFORMATION
fixed length control field 250520b |||||||| |||| 00| 0 eng d
020 ## - INTERNATIONAL STANDARD BOOK NUMBER
International Standard Book Number 9781891389689
040 ## - CATALOGING SOURCE
Original cataloging agency CSL
Transcribing agency CSL
041 ## - LANGUAGE CODE
Source of code eng
Language code of text/sound track or separate title eng
084 ## - COLON CLASSIFICATION NUMBER
Classification number E9G,1:3B Q0 Carc
Assigning agency CSL
245 ## - TITLE STATEMENT
Title Physical methods in bioinorganic chemistry:
Remainder of title Spectroscopy and magnetism
260 ## - PUBLICATION, DISTRIBUTION, ETC.
Place of publication, distribution, etc. Sausalito :
Name of publisher, distributor, etc. University Science Press,
Date of publication, distribution, etc. 2010.
300 ## - PHYSICAL DESCRIPTION
Extent vii, 556p.:
Other physical details ill col
Dimensions ; 26 cm
500 ## - GENERAL NOTE
General note Includes selected problems and index
520 ## - SUMMARY, ETC.
Summary, etc. This text provides detailed coverage of physical methods used in bioinorganic chemistry. Individual chapters are devoted to electronic absorption spectroscopy, resonance Raman spectroscopy, electron paramagnetic resonance spectroscopy, ENDOR and ESEEM, magnetic circular dichroism, Mössbauer spectroscopy, magnetism, NMR spectroscopy as applied to paramagnetic systems, and x-ray absorption spectroscopy. The book aims to provide a fundamental understanding of each method and demonstrate how data obtained from a system of bioinorganic interest can be interpreted. Case studies are presented in the last chapter in which more than one technique has been applied to gain insight into each given bioinorganic problem. By integrating theory with experimentation and providing an orientation that is more biological than that presented in previously published books, Physical Methods in Bioinorganic Chemistry: Spectroscopy and Magnetism will serve as an important new text for students of bioinorganic chemistry, biochemistry, molecular biology, and their professors.
650 ## - SUBJECT ADDED ENTRY--TOPICAL TERM
Source of heading or term Chemistry
Topical term or geographic name entry element Bioinorganic chemistry
Form subdivision spectroscopy
General subdivision Physical biochemistry
9 (RLIN) 809008
650 ## - SUBJECT ADDED ENTRY--TOPICAL TERM
Source of heading or term Metalloproteins research- methodology
700 ## - ADDED ENTRY--PERSONAL NAME
Personal name Que, Lawrence
Relator term editer.
9 (RLIN) 809009
942 ## - ADDED ENTRY ELEMENTS (KOHA)
Source of classification or shelving scheme Colon Classification (CC)
Suppress in OPAC No
Koha item type Textual
Classification part E9G,1:3B Q0 Carc
Holdings
Withdrawn status Lost status Source of classification or shelving scheme Damaged status Not for loan Home library Current library Date acquired Source of acquisition Total Checkouts Full call number Barcode Date last seen Price effective from Koha item type
    Colon Classification (CC)     Central Science Library Department of Chemistry Library 2025-01-06 Viva Books Private Limited   E9G,1:3B Q0 Carc CD0009455 2025-05-20 2025-05-20 Textual
Copyright @ Delhi University Library System